| 000 | 00652nam a22001931a 4500 | ||
|---|---|---|---|
| 001 | 19306 | ||
| 003 | OSt | ||
| 005 | 20260204212448.0 | ||
| 008 | 190424s2009||||ck ||||||b||||||||||spa|| | ||
| 020 | _a9789588269498 | ||
| 082 | _a796.077 F738e | ||
| 100 | _aForteza de la Rosa, Armando | ||
| 245 | _aEntrenamiento deportivo:preparación para el rendimiento/Armando Forteza de la Rosa | ||
| 264 | _aArmenia, Colombia :Kinesis | ||
| 300 | _a210 Páginas | ||
| 500 | _aEntrenamiento deportivo Íncluye índice | ||
| 650 | _aEntrenamiento deportivo 2.Entrenamiento deportivo-metodología 3.Aptitudes físicas 4.Resistencia físicaÌ | ||
| 942 |
_2ddc _cBK |
||
| 999 |
_c19306 _d19306 |
||